15 Categories: Letter 'G' Blitz Quiz Stats

 Plays Quiz Updated Aug 5, 2018

Challenge
Share
Tweet
Embed
Score 0/15 Timer 01:00
29 Plays Today
Hint Answer % Correct
Rainbow colorGreen
96.2%
U.S. stateGeorgia
94.4%
Ryder Cup sportGolf
90.7%
Starbucks sizeGrande
88.6%
Seven DwarvesGrumpy
84.5%
Deadly SinGluttony (Greed)
83.4%
India: independence leaderGandhi
79.5%
State of MatterGas
74.4%
Hint Answer % Correct
Marx BrotherGroucho (Gummo)
68.5%
Brady Bunch family memberGreg
63.6%
Sign of the ZodiacGemini
63.4%
Trivial Pursuit CategoryGeography
63%
Composer: Rhapsody in BlueGershwin
57.9%
Spanish for Gray/GreyGris
45.6%
Author: Lord of the FliesGolding
39%

You're not logged in!

Compare scores with friends on all Sporcle quizzes.
Join for Free
OR
Log In

You Might Also Like...

Show Comments

Extras

Top Quizzes Today


Score Distribution

Your Account Isn't Verified!

In order to create a playlist on Sporcle, you need to verify the email address you used during registration. Go to your Sporcle Settings to finish the process.

Report this User

Report this user for behavior that violates our Community Guidelines.

Details: